Empresa Rodrigo Carrion Arquitectos 2017-2018
Presenta las prácticas profesionales ejecutadas en la empresa Carrion Arquitectos, participando en el diseño de todo tipo de edificios desde viviendas hasta bancos y hospitales.
| Main Author: | |
|---|---|
| Other Authors: | |
| Format: | Tesis Section = Libro |
| Language: | Undetermined Spanish |
| Published: |
Managua
UNI
2018
|
| Subjects: |
| LEADER | 00948nam a2200253Ia 4500 | ||
|---|---|---|---|
| 008 | 240830s9999 xx 000 0 und d | ||
| 040 | |a BIBLIOTECA-RUSB/ Mon 727.1 S479 | ||
| 041 | |a spa | ||
| 082 | |a Mon 727.1 S479 | ||
| 100 | 1 | |a Sequeira Balladares, María José | |
| 245 | 1 | 0 | |a Empresa Rodrigo Carrion Arquitectos 2017-2018 |
| 260 | |a Managua |b UNI |c 2018 | ||
| 300 | |a 70 p. :il. | ||
| 500 | |a Contiene: Informe de práctica profesional, anexos y CD. | ||
| 502 | |a Tesis (Arquitecto) - UNI, 2018. | ||
| 520 | 3 | |a Presenta las prácticas profesionales ejecutadas en la empresa Carrion Arquitectos, participando en el diseño de todo tipo de edificios desde viviendas hasta bancos y hospitales. | |
| 650 | 7 | |a PRACTICAS PROFESIONALES | |
| 650 | 7 | |b DISEÑOS Y PLANOS | |
| 650 | 7 | |c ARQUITECTURA | |
| 650 | 7 | |d DISEÑO ARQUITECTONICO | |
| 700 | 1 | |a Tutor: |b Morales Sánchez, Erick Alejandro | |
| 942 | |c BK |2 ddc | ||
| 991 | |a TESIS | ||
| 999 | |c 21388 | ||